| 000 | 01030nam a2200241Ia 4500 | ||
|---|---|---|---|
| 999 |
_c34769 _d34769 |
||
| 001 | 579 | ||
| 003 | GE_BSU | ||
| 005 | 20230222124653.0 | ||
| 008 | 181216sge 2003xx |||||||||||||| ||geo|| | ||
| 020 | _a9994017209 | ||
| 040 | _cGE_BSU | ||
| 041 | _ageo | ||
| 080 | _a316.485.26+316.485.25+327.57 უ-51 | ||
| 100 |
_aუოლცი, ნ. კენეთ _917011 |
||
| 245 |
_aადამიანი, სახელმწიფო და ომი : _bთეორიული ანალიზი / _c ნ. კენეთ უოლცი, რედ. კიღურაძე ნინო |
||
| 264 |
_aთბილისი : _bჯისიაი, _c2003. |
||
| 300 |
_a279 გვ.: _b20 სმ. |
||
| 653 | _aკონფლიქტების სოციოლოგია | ||
| 653 | _aმშვიდობის სოციოლოგია | ||
| 653 | _aომის სოციოლოგია | ||
| 700 |
_aკიღურაძე, ნინო _eრედაქტორი _91005 |
||
| 942 |
_cBK _2udc |
||